000 008440000a22002050004500
041 0 _aSPA
082 0 4 _aG 100 U543t
100 1 _aUnamuno, Miguel de (1864-1936)
245 1 0 _aDel sentimiento trágico de la vida / Miguel de Unamuno
250 _a6
260 _aBuenos Aires, Argentina : Losada
300 _a286 Pag.
505 0 0 _ael hombre de carne y hueso -- le punto de partida -- el hambre de inmortalidad --la esencia del catolicismo -- la disolución racional -- en el fondo del abismo -- amor, dolor , compasión y personalidad -- de Dios a Dios --fe, esperanza y caridad -- religión, mitología de ultratumba y apocatástasis --el problema práctico
650 1 4 _aFILOSOFIA
001 585
942 _cBK
999 _c32095
_d32095
336 _atexto
_btxt
_2rdacontent
337 _2rdamedia
_asin mediación
_bn
338 _2rdacarrier
_avolumen
_bnc